Jazz classics

Αποθηκεύτηκε σε:
Λεπτομέρειες βιβλιογραφικής εγγραφής
Άλλοι συγγραφείς: Armstrong, Louis, 1901-1971 (Ερμηνευτής), Cole, Nat King, 1919-1965 (Ερμηνευτής), Calloway, Cab, 1907-1994 (Ερμηνευτής), Millinder, Lucky (Ερμηνευτής), Ellington, Duke, 1899-1974 (Ερμηνευτής), Condon, Eddie, 1905-1973 (Ερμηνευτής), Hampton, Lionel (Ερμηνευτής), Hackett, Bobby (Ερμηνευτής), Eckstine, Billy (Ερμηνευτής), Bryan, Mike, 1916-1972 (Ερμηνευτής)
Μορφή: Βίντεο DVD
Γλώσσα:English
Δημοσίευση: [χ.τ.] : Hitech,
Θέματα:
Ετικέτες: Προσθήκη ετικέτας
Δεν υπάρχουν, Καταχωρήστε ετικέτα πρώτοι!

MARC

LEADER 00000cgm a2200000 i 4500
001 1/44170
007 vd cgai
008 070511s us eng d
035 |l 10087793 
040 |a GR-MY-UA  |b gre  |e aacr 
041 0 |a eng 
082 0 |a 781.65  |2 (22) 
245 1 0 |a Jazz classics  |h [μαγνητοσκόπηση] 
260 |a [χ.τ.] :   |b Hitech,  
300 |a 5 βιντεοδίσκοι (4 ώρες 46 λεπτ.);  |b ομιλ., έγχρ.;  |c 4 3/4 ιν. 
500 |a Διανέμεται δωρεάν με το περιοδικό HiTECH (ΑΥΓ-ΣΕΠ 2004) 
500 |a Χορηγός Κινοτεχνική 
505 0 |a Disc 1: Louis Armstrong, 1962, Nat "King" Cole 1950-52, Cab Calloway 1935, Lucky Millinder 1948 -- Disc 2: Duke Ellington 1962, 1952 -- Disc 3: Lionel Hampton, 1950-51, Eddie Condon, 1962 -- Disc 4: Bobby Hackett, 1 962, Andy Kirk 1948, Billy Eckstine 1946 -- Disc 5: Nat "King" Cole 1950 -52, Mike Bryan 1962 
538 |a DVD format 
650 0 0 |a Jazz. 
650 0 0 |a DVD-Video discs. 
700 1 |a Armstrong, Louis,   |d 1901-1971.  |4 prf 
700 1 |a Cole, Nat King,   |d 1919-1965.  |4 prf 
700 1 |a Calloway, Cab,   |d 1907-1994.  |4 prf 
700 1 |a Millinder, Lucky.  |4 prf 
700 1 |a Ellington, Duke,   |d 1899-1974.  |4 prf 
700 1 |a Condon, Eddie,   |d 1905-1973.  |4 prf 
700 1 |a Hampton, Lionel.  |4 prf 
700 1 |a Hackett, Bobby.  |4 prf 
700 1 |a Eckstine, Billy.  |4 prf 
700 1 |a Bryan, Mike,   |d 1916-1972.  |4 prf 
852 |a INST  |b LESVOS  |c AV  |e 20070511  |h 781.65 JAZ  |p 005100038351  |q 005100038351  |t DVD  |y 23  |z disc.1 
852 |a INST  |b LESVOS  |c AV  |e 20070511  |h 781.65 JAZ  |p 005100038352  |q 005100038352  |t DVD  |y 23  |z disc.2 
852 |a INST  |b LESVOS  |c AV  |e 20070511  |h 781.65 JAZ  |p 005100038353  |q 005100038353  |t DVD  |y 23  |z disc.3 
852 |a INST  |b LESVOS  |c AV  |e 20070511  |h 781.65 JAZ  |p 005100038354  |q 005100038354  |t DVD  |y 23  |z disc.4 
852 |a INST  |b LESVOS  |c AV  |e 20070511  |h 781.65 JAZ  |p 005100038355  |q 005100038355  |t DVD  |y 23  |z disc.5 
852 |a INST  |b LESVOS  |c AV  |e 20070511  |h 781.65 JAZ  |p 005100038351  |q 005100038351  |t DVD  |v disc.1:  |y 23  |z disc.1 
852 |a INST  |b LESVOS  |c AV  |e 20070511  |h 781.65 JAZ  |p 005100038352  |q 005100038352  |t DVD  |v disc.2:  |y 23  |z disc.2 
852 |a INST  |b LESVOS  |c AV  |e 20070511  |h 781.65 JAZ  |p 005100038353  |q 005100038353  |t DVD  |v disc.3:  |y 23  |z disc.3 
852 |a INST  |b LESVOS  |c AV  |e 20070511  |h 781.65 JAZ  |p 005100038354  |q 005100038354  |t DVD  |v disc.4:  |y 23  |z disc.4 
852 |a INST  |b LESVOS  |c AV  |e 20070511  |h 781.65 JAZ  |p 005100038355  |q 005100038355  |t DVD  |v disc.5:  |y 23  |z disc.5 
853 |a INST  |b LESVOS  |c AV  |h 781.65 JAZ 
901 |a BIBL1-2007-2 
909 |a Λ  |b 132570 
909 |a Λ  |b 132571 
909 |a Λ  |b 132572 
909 |a Λ  |b 132573 
909 |a Λ  |b 132574 
970 |a ΚΑΡΑ  |b ΓΙΑΣΕΜΗ  |z 2007/05/11